000 00578nam a2200217Ia 4500
003 0100
008 130303s9999 xx 000 0 und d
040 _cARRUPELIB
050 _aJA76.A4
100 _aAke, Claude
245 2 _aA theory of political integration
260 _aIllinois
260 _bThe Dorsey Press
260 _C1967
300 _aix
300 _b 164p. 24cm.
650 _bSouthern African Development Coordination Conference
650 _cEconomic assistance--Africa, Southern
650 _dAfrica, Southern--Politics--1975-
942 _2lcc
_02
999 _c66841
_d66841